Normal view
MARC view
- Human body in literature
Entry Topical Term
001 - CONTROL NUMBER
- control field: 92093
003 - CONTROL NUMBER IDENTIFIER
- control field: KE-NaSUL
005 - DATE AND TIME OF LATEST TRANSACTION
- control field: 20250825173038.0
008 - FIXED-LENGTH DATA ELEMENTS
- fixed length control field: 250825|| aca||aabn | a|a d
040 ## - CATALOGING SOURCE
- Original cataloging agency: KE-NaSUL
- Transcribing agency: KE-NaSUL
150 ## - HEADING--TOPICAL TERM
- Topical term or geographic name as entry element: Human body in literature
670 ## - SOURCE DATA FOUND
- Source citation: Work cat.: (KE-NaSUL)58550: Sceats, Sarah. 92088, Food, consumption, and the body in contemporary women's fiction, 2000.